{"text_format":"3","workbook":"xlsx","n_sheets":1,"sheets":["报价表1 "],"read":"whole","date_system":"1900"}

{"sheet":"报价表1 ","index":0,"n_rows":51,"n_cols":13,"rows_kept":51,"merged":[[0,0,0,12],[46,0,46,7],[46,8,46,9],[46,10,46,11],[47,0,47,12],[48,7,48,9],[49,7,49,9],[50,7,50,9]]}
["生产部2026年全年种苗采购报价表(1)"]
["序号","品种","种子公司","品系","颜色","暂定到苗时间","单位","数量","全费用单价限价（元）","全费用单价限价小计（元）","供应商所报单价（元）","合价（元）","备注"]
[1,"金鱼草","坂田","彩虹糖","玫红","12月-1月","株",30000,0.18,{"$f":"H3*I3","v":5400}]
[2,"金鱼草","坂田","早生诗韵","古铜色、黄色","12月-1月","株",30000,0.18,{"$f":"H4*I4","v":5400}]
[3,"金鱼草","泛美","锦绣","珊瑚双色","12月-1月","株",20000,0.18,3600]
[4,"矮牵牛","泛美","锦浪","玫瑰红、珊瑚红","1月","株",120000,0.9,108000]
[5,"欧石竹",null,null,"混色","3月","株",5000,0.4,2000]
[6,"大花海棠","班纳利","比哥","绿叶红、红叶红花、绿叶粉花","1月","株",150000,0.8,120000]
[7,"大花海棠","班纳利","巨无霸","绿叶玫红","1月","株",1000,0.8,800]
[8,"大花海棠","班纳利","巨石阵","铜叶浅粉、铜叶玫红","1月","株",2000,0.8,1600]
[9,"矮牵牛","班纳利","哈迪HD","玫红星、粉红","1月","株",80000,0.15,12000]
[10,"矮牵牛","班纳利","必胜360","红星","1月","株",10000,0.15,1500]
[11,"矮牵牛","班纳利","水中花","红色拂晓","3月","株",20000,0.15,3000]
[12,"矮牵牛","班纳利","热潮","玫红","1月","株",10000,0.85,8500]
[13,"矮牵牛","泛美","海市蜃楼","玫瑰星、玫瑰红色","1月","株",80000,0.15,12000]
[14,"凤仙","先正达","溢美战神","鲑红渐变、橙色","2月","株",20000,0.22,4400]
[15,"凤仙","泛美","领航","亮红色、玫红色","2月","株",100000,0.22,22000]
[16,"石竹",null,"千叶","猩红、草莓色、玫红色","1月","株",60000,0.26,15600]
[17,"一串红","先正达","火焰2000","红","2月","株",20000,0.18,3600]
[18,"一串红","泛美","展望","红","2月","株",80000,0.18,14400]
[19,"一串红",null,"沙漠","红","2月","株",100000,0.18,18000]
[20,"超级凤仙","坂田","桑蓓斯","多分枝型\n猩红色、亮玫红、橙色364、清凉紫","1月","株",80000,2,160000]
[21,"花烟草",null,"天狼星","深玫红、青柠绿","1月","株",4000,0.27,1080]
[22,"花烟草","Floranova","私语","混色","1月","株",5000,0.27,1350]
[23,"美人蕉","泷井","卡诺娃","绯红色、玫红色、黄色","2月","株",3000,1.5,4500]
[24,"花叶美人蕉",{"$nulls":3},"2月","株",2000,1.2,2400]
[25,"千日红","班纳利","拉斯维加斯","混色","3月","株",20000,0.25,5000]
[26,"天人菊","班纳利","亚利桑那","杏黄、红色渐变、阳光","3月","株",50000,0.3,15000]
[27,"百日草","泛美","繁花","黄色","3月","株",100000,0.34,34000]
[28,"百日草","泛美","重瓣繁花","樱桃红色","3月","株",50000,0.34,17000]
[29,"金光菊","班纳利","金太阳",null,"3月","株",5000,0.7,3500]
[30,"彩叶草","橙色多盟","中央大街","查尔斯街、华尔街、比尔街、牛津街","3月","株",10000,1,10000]
[31,"彩叶草",null,"腮红",null,"3月","株",2000,1,2000]
[32,"彩叶草",null,"红锈",null,"3月","株",2000,1,2000]
[33,"繁星花","班纳利","壁画","宝石红、深红","4月","株",50000,0.7,35000]
[34,"醉蝶","先正达","宝石2.0","混色","4月","株",50000,0.8,40000]
[35,"孔雀草","Floranova","鼎盛","黄色","4月","株",40000,0.3,12000]
[36,"香彩雀","泛美","热舞","混色\\树莓红色、玫红渐变","2月","株",20000,0.9,18000]
[37,"香彩雀","无性系","安琪儿","粉色、蓝鸟","2月","株",5000,1.3,6500]
[38,"大花百日草","泷井","梦境","黄色、绯红、玫红、粉红","4月","株",200000,0.55,110000]
[39,"大花百日草","先正达","麦哲伦","珊瑚色","4月","株",10000,0.55,5500]
[40,"雁来红","坂田","曙光","绯红","5月","株",20000,0.23,4600]
[41,"鼠尾草",null,"萨利芳","深海蓝","4月","株",20000,1.5,30000]
[42,"鼠尾草",null,"炫蓝",null,"4月","株",10000,1.5,15000]
[43,"花木小菊","北京花木",null,"绚秋凝红、绚秋星光、绚秋粉韵","3月","株",9000,1.5,13500]
[44,"紫菀","北京花木","亨利一世",null,"3月","株",2000,1.8,3600]
["合计",{"$nulls":7},{"$f":"SUM(J3:J46)","v":913330},{"$nulls":3},"(开票税率  %）"]
["备注：                                                                                                                                                                                                  1、苗木价格均为含税到场（送货地点：四川省泸州市光明村苗圃、石洞苗圃、三江坝苗圃、龙窝沟苗圃）综合包干价，含买价、上车费、运费、运输损耗、换车型造成的二次转运费、利润、各种风险费用、税金等全部费用；                                                                                                                                   2、供货时间可以根据实际情况协商调整，后续需提供技术指导                                                                                                                                                                                                                                                                                    3、要求开具相应项的发票或农产品销售发票                                                                                                                      4、付款方式：甲乙双方签订合同后，甲方向乙方确认每批次货物需求量，双方核实无误后甲方向乙方支付该批次货款20%作为预付款，该批次货物供货完成并经甲方验收合格后，甲方在十个工作日内一次性支付该批次剩余款项。"]
[{"$nulls":7},"  报价单位（公章）："]
[{"$nulls":7},"  法人或委托代理人及电话："]
[{"$nulls":7},"  时间：      年    月    日"]